MARC details
| 000 -LEADER |
| fixed length control field |
02296nam a22004695i 4500 |
| 003 - CONTROL NUMBER IDENTIFIER |
| control field |
EG-ScBUE |
| 005 - DATE AND TIME OF LATEST TRANSACTION |
| control field |
20201110113936.0 |
| 006 - FIXED-LENGTH DATA ELEMENTS--ADDITIONAL MATERIAL CHARACTERISTICS--GENERAL INFORMATION |
| fixed length control field |
m||||fq||h 0| 0 |
| 008 - FIXED-LENGTH DATA ELEMENTS--GENERAL INFORMATION |
| fixed length control field |
200219s2010 cc f 000 0 chi d |
| 020 ## - INTERNATIONAL STANDARD BOOK NUMBER |
| International Standard Book Number |
9787561926222 |
| 020 ## - INTERNATIONAL STANDARD BOOK NUMBER |
| International Standard Book Number |
9787887038746 (audio CD with book) |
| 040 ## - CATALOGING SOURCE |
| Original cataloging agency |
EG-ScBUE |
| Language of cataloging |
eng |
| Description conventions |
rda |
| Transcribing agency |
EG-ScBUE |
| Modifying agency |
EG-ScBUE |
| 041 0# - LANGUAGE CODE |
| Language code of text/sound track or separate title |
chi |
| -- |
eng |
| 082 04 - DEWEY DECIMAL CLASSIFICATION NUMBER |
| Classification number |
495.182421 |
| Item number |
NEW |
| Edition number |
22 |
| 245 00 - TITLE STATEMENT |
| Title |
新实用汉语课本 / |
| Statement of responsibility, etc |
刘珣 主编 ; 编者: 张凯 [and 5 others] ; 英文审订: Jerry Schmidt, 余心乐. 刘珣, 张凯 = New practical Chinese reader / edited by Liu Xun zhu bian ; bian zhe: Zhang Kai [and 5 others] ; Ying wen shen ding: Jerry Schmidt, Yu Xinle = Xin shi yong Han yu ke ben / Liu Xun zhu bian ; bian zhe: Zhang Kai [and 5 others] ; Ying wen shen ding: Jerry Schmidt, Yu Xinle. |
| 246 31 - VARYING FORM OF TITLE |
| Title proper/short title |
New practical Chinese reader |
| 246 31 - VARYING FORM OF TITLE |
| Title proper/short title |
Xin shi yong Han yu ke ben |
| 250 ## - EDITION STATEMENT |
| Edition statement |
第2版 = |
| Remainder of edition statement |
Second edition. |
| 264 #1 - PUBLICATION, DISTRIBUTION, ETC. (IMPRINT) |
| Place of publication, distribution, etc |
Beijing : |
| Name of publisher, distributor, etc |
Beijing Language and Culture University Press, |
| Date of publication, distribution, etc |
2010. |
| 264 #1 - PUBLICATION, DISTRIBUTION, ETC. (IMPRINT) |
| Place of publication, distribution, etc |
北京市 : |
| Name of publisher, distributor, etc |
北京语言大学出版社, |
| Date of publication, distribution, etc |
2010. |
| 300 ## - PHYSICAL DESCRIPTION |
| Extent |
volume 1 : |
| Other physical details |
illustrations ; |
| Dimensions |
28 cm + |
| Accompanying material |
1 audio discs (digital ; 4 3/4 in.) |
| 336 ## - CONTENT TYPE |
| Content type term |
text |
| Content type code |
txt |
| Source |
rdacontent |
| 336 ## - CONTENT TYPE |
| Content type term |
spoken word |
| Content type code |
spw |
| Source |
rdacontent |
| 337 ## - MEDIA TYPE |
| Media type term |
unmediated |
| Media type code |
n |
| Source |
rdamedia |
| 337 ## - MEDIA TYPE |
| Media type term |
audio |
| Media type code |
s |
| Source |
rdamedia |
| 338 ## - CARRIER TYPE |
| Carrier type term |
volume |
| Carrier type code |
nc |
| Source |
rdacarrier |
| 338 ## - CARRIER TYPE |
| Carrier type term |
audio disc |
| Carrier type code |
sd |
| Source |
rdacarrier |
| 490 0# - SERIES STATEMENT |
| Series statement |
Chinese Hanban planning textbook = |
| -- |
中国国家汉办规划教材 = |
| -- |
Zhongguo guo jia Han ban gui hua jiao cai |
| 500 ## - GENERAL NOTE |
| General note |
Accompanying sound discs in MP3 audio format. |
| 505 2# - FORMATTED CONTENTS NOTE |
| Formatted contents note |
Volume 1. Workbook : annotated in English. |
| 546 ## - LANGUAGE NOTE |
| Language note |
Text in Chinese and English. |
| 650 #7 - SUBJECT ADDED ENTRY--TOPICAL TERM |
| Topical term or geographic name as entry element |
Chinese language |
| Form subdivision |
Textbooks for foreign speakers |
| General subdivision |
English. |
| Source of heading or term |
BUEsh |
| 650 #7 - SUBJECT ADDED ENTRY--TOPICAL TERM |
| Topical term or geographic name as entry element |
Chinese language |
| Form subdivision |
Readers |
| Source of heading or term |
BUEsh |
| 650 #7 - SUBJECT ADDED ENTRY--TOPICAL TERM |
| Topical term or geographic name as entry element |
Chinese language |
| Form subdivision |
Sound recordings for English speakers. |
| Source of heading or term |
BUEsh |
| 650 #7 - SUBJECT ADDED ENTRY--TOPICAL TERM |
| Topical term or geographic name as entry element |
Chinese language |
| Form subdivision |
Problems, exercises, etc. |
| Source of heading or term |
BUEsh |
| 650 #7 - SUBJECT ADDED ENTRY--TOPICAL TERM |
| Topical term or geographic name as entry element |
Chinese language |
| General subdivision |
Study and teaching |
| -- |
Foreign speakers. |
| Source of heading or term |
BUEsh |
| 653 ## - INDEX TERM--UNCONTROLLED |
| Resource For college |
Humanities: Chinese |
| Arrived date list |
November2020 |
| 700 1# - ADDED ENTRY--PERSONAL NAME |
| Personal name |
Liu, Xun, |
| Dates associated with a name |
1940- |
| Relator term |
editor. |
| 700 1# - ADDED ENTRY--PERSONAL NAME |
| Personal name |
Kai, Zhang, |
| Relator term |
editor. |
| 700 1# - ADDED ENTRY--PERSONAL NAME |
| Personal name |
Schmidt, J. D. |
| Fuller form of name |
(Jerry Dean), |
| Dates associated with a name |
1946- |
| Relator term |
reviewer for English language. |
| 942 ## - ADDED ENTRY ELEMENTS (KOHA) |
| Source of classification or shelving scheme |
Dewey Decimal Classification |
| Koha item type |
Book - Borrowing |